Tous les membres de Cross Guild (One Piece) - Statistiques

Statistiques générales
  • Ce quiz a été pris 104 fois
  • Le résultat moyen est 8 sur 9
Statistiques - réponses
Hint Réponse % Correct
Président Baggy
100%
Lieutenant Crocodile
97%
Lieutenant Mihawk
96%
ex baroque works Galdino
92%
ex baroque works Daz Bones
88%
alliance avec le clown Alvida
87%
pirate du clown Cabaji
71%
pirate du clown Mohji
71%
animal du clown Richie
71%
Aucun quiz correspondant
Distribution des résultats
% des personnes avec chaque résultat
Percentile par nombre de réponses
Votre historique - résultats
Vous n’avez pas pris ce quiz